• 首页
  • 本馆介绍
  • 公告通知
  • 最新文献
  • 馆藏检索
  • 电子资源
  • 读者荐购
  • 参考咨询
  • CALIS
  • 我的图书馆
  • 登录
  • 详细信息显示
  • 放入我的书架
  • 预约/预借图书
  • 作者相关作品
  • 分类相关作品
  • 丛书相关作品
  • 出版社相关作品

书目信息

  • 表格格式
  • 工作单格式
  • 卡片格式
题名:
碧空雄鹰:新世纪的战斗机
    
 
作者: 鹰杰 编
分册:  
出版信息: 广州   广东科技出版社  2000.01
页数: 127页
开本: 32开
丛书名:
单 册:
中图分类: E926.31
科图分类:
主题词: 武器--军事技术 , 军用器材--军事技术
电子资源:
ISBN: 7-5359-2443-3
 
 
 
 
 
000 00608nam0 2200205 45
001 0009112021
005 20000911202225.1
010    @a7-5359-2443-3@d24.80元
100    @a20000911d2000 km y0chiy0120 ea
101 0  @achi
105    @a z 000yy
200 1  @a碧空雄鹰:新世纪的战斗机@ABi Kong Xiong Ying:Xin Shi Ji De Zhan Dou Ji@f鹰杰 编@FYing Jie Bian
210    @a广州@c广东科技出版社@d2000.01
215    @a127页@d32开
606 0  @a武器@x军事技术
606 0  @a军用器材@x军事技术
690    @aE926.31@v3
701  0 @a鹰杰@4编
801    @aCN@bPftUser@c20000911
905    @b136432-434@dE926.31@eY.373/1@f3
    
    碧空雄鹰:新世纪的战斗机/鹰杰 编.-广州:广东科技出版社,2000.01
    127页;32开
    
    
    ISBN 7-5359-2443-3:24.80元
    
●
相关链接 在E读中查询图书 在当当中查询图书 在豆瓣中查询图书


正题名:碧空雄鹰:新世纪的战斗机     索取号:E926.31/Y.373/1         预约/预借

序号 登录号 条形码 馆藏地/架位号 状态 备注
1 136432   201364326   社科库509/509社科库 127排2列5层/ [索取号:E926.31/Y.373/1] 在馆    
2 136433   201364335   社科库509/422社科库 48排4列6层/ [索取号:E926.31/Y.373/1] 在馆    
3 136434   201364344   社科库509/509社科库 127排2列5层/ [索取号:E926.31/Y.373/1] 在馆    
河南城建学院图书馆 欢迎您!
大连网信软件有限公司© 版权所有